000 00709nam a2200217 i 4500
001 bg
100 1 _aPAWŁOWSKI, Jerzy
245 1 0 _aProjektowanie mechanizmów :
_bwspomagany komputerowo dobór cech konstrukcyjnych.
260 _aWarszawa :
_bOficyna Wydawnicza Politechniki Warszawskiej,
_c1998.
300 _a196 s. :
_brys., wykr. ;
_c24 cm.
504 _aBibliogr. s. 196.
650 9 _aMechanika precyzyjna
_xurządzenia
_xprojekty
_xautomatyzacja
655 _aPodręczniki akademickie
020 _a8372070709
040 _cBPK
041 0 _apl
080 _a681:621.86/.87:519.86:004.42+004.94](075.8)
920 _a83-7207-070-9
942 _cKS
008 s pl f |000 0 pol
999 _c38321
_d38321
856 _uhttp://koha.tu.koszalin.pl/cgi-bin/koha/opac-detail.pl?biblionumber=38321
_yKatalog online BPK